Martabat umat Islam : (Record no. 1006)
[ view plain ]
| 000 -LEADER | |
|---|---|
| fixed length control field | nam a22 a 4500 |
| 003 - CONTROL NUMBER IDENTIFIER | |
| control field | AKMAL |
| 005 - DATE AND TIME OF LATEST TRANSACTION | |
| control field | 20170508103858.0 |
| 008 - FIXED-LENGTH DATA ELEMENTS--GENERAL INFORMATION | |
| fixed length control field | 170508s1994 my 00 may |
| 020 ## - INTERNATIONAL STANDARD BOOK NUMBER | |
| International Standard Book Number | 9839017837 (kkt.): |
| Terms of availability | RM 10.00 |
| 039 #9 - LEVEL OF BIBLIOGRAPHIC CONTROL AND CODING DETAIL [OBSOLETE] | |
| Level of rules in bibliographic description | 200909280857 |
| Level of effort used to assign nonsubject heading access points | maulidiah |
| 040 ## - CATALOGING SOURCE | |
| Original cataloging agency | AKMAL |
| Transcribing agency | AKMAL |
| 049 ## - LOCAL HOLDINGS (OCLC) | |
| Holding library | klpmalpma |
| 082 04 - DEWEY DECIMAL CLASSIFICATION NUMBER | |
| Classification number | 297.4 ABU |
| 090 ## - LOCALLY ASSIGNED LC-TYPE CALL NUMBER (OCLC); LOCAL CALL NUMBER (RLIN) | |
| Classification number (OCLC) (R) ; Classification number, CALL (RLIN) (NR) | 297.4 |
| Local cutter number (OCLC) ; Book number/undivided call number, CALL (RLIN) | ABU |
| 090 ## - LOCALLY ASSIGNED LC-TYPE CALL NUMBER (OCLC); LOCAL CALL NUMBER (RLIN) | |
| Classification number (OCLC) (R) ; Classification number, CALL (RLIN) (NR) | 297.4 |
| Local cutter number (OCLC) ; Book number/undivided call number, CALL (RLIN) | ABU |
| 100 1# - MAIN ENTRY--PERSONAL NAME | |
| Personal name | Abul Khairi Al-Latifi |
| 9 (RLIN) | 2108 |
| 245 10 - TITLE STATEMENT | |
| Title | Martabat umat Islam : |
| Remainder of title | mengapa dan apakah jalan penyelesaiannya? / |
| Statement of responsibility, etc. | Abul Khairi Al-Latifi |
| 260 ## - PUBLICATION, DISTRIBUTION, ETC. | |
| Place of publication, distribution, etc. | Kuala Lumpur : |
| Name of publisher, distributor, etc. | Darul Nu'man, |
| Date of publication, distribution, etc. | 1994 |
| 300 ## - PHYSICAL DESCRIPTION | |
| Extent | v, 256ms. ; |
| Dimensions | 21cm |
| 500 ## - GENERAL NOTE | |
| General note | Mengandungi ayat-ayat dari al-Quran |
| 504 ## - BIBLIOGRAPHY, ETC. NOTE | |
| Bibliography, etc. note | Bibliografi ms. 253 |
| 650 10 - SUBJECT ADDED ENTRY--TOPICAL TERM | |
| Topical term or geographic name entry element | Religious life |
| General subdivision | Islam |
| 9 (RLIN) | 819 |
| 650 20 - SUBJECT ADDED ENTRY--TOPICAL TERM | |
| Topical term or geographic name entry element | Islam |
| General subdivision | Customs and practices |
| 9 (RLIN) | 1330 |
| 650 20 - SUBJECT ADDED ENTRY--TOPICAL TERM | |
| Topical term or geographic name entry element | Islam |
| Chronological subdivision | 20th century |
| 9 (RLIN) | 1553 |
| 650 20 - SUBJECT ADDED ENTRY--TOPICAL TERM | |
| Topical term or geographic name entry element | Muslims |
| General subdivision | Conduct of life |
| 9 (RLIN) | 1358 |
| 942 ## - ADDED ENTRY ELEMENTS (KOHA) | |
| Source of classification or shelving scheme | |
| Koha item type | Book |
| Withdrawn status | Lost status | Source of classification or shelving scheme | Damaged status | Not for loan | Collection code | Home library | Current library | Date acquired | Inventory number | Total Checkouts | Full call number | Barcode | Date last seen | Price effective from | Koha item type |
|---|---|---|---|---|---|---|---|---|---|---|---|---|---|---|---|
| NON-FICTION | AKMAL Melaka | AKMAL Melaka | 08.05.2017 | 200214 | 297.4 ABU | 201701986 | 08.05.2017 | 08.05.2017 | Book | ||||||
| NON-FICTION | AKMAL Melaka | AKMAL Melaka | 08.05.2017 | 200678 | 297.448 ABU | 201702219 | 08.05.2017 | 08.05.2017 | Book |
